01272nas a2200361 4500001001300000003000900013005001700022007000300039008003400042040005400076041000900130072000800139100002000147100001700167100001600184100001900200100002000219100001900239100001700258100002400275100001900299100001600318245013300334650001200467650001600479650003500495650001300530773013500543909004000678942001800718999001900736952015500755BR2012000898BR-BrBNA20231205120131.0ta230509b bl.|||p| |||| 00| 00por d aBR-BrBNAbporcBiblioteca Nacional de Agricultura a(En) aL101 aSanches, E.M.C.1 aFerreiro, L.1 aBorba, M.R.1 aSpanamberg, A.1 aRavazzolo, A.P.1 aSanturio, J.M.1 aDriemeir, D.1 aBarcellos, D.E.S.N.1 aBerthelemy, M.1 aGuillot, J.1 aPhylogenetic analysis of Pneumocystis from pig lungs obtained from salugheterhouses in southern and midwestern regions of Brazil aSUÍNO aFILOGÊNIO aMELHORAMENTO GENÉTICO ANIMAL aPULMÃO0 tArquivo Brasileiro de Medicina Veterinária e Zootecnia (Brazil)xISSN 0102-0935g(Oct 2011), v. 63(5) p. 1154-1159wBR2012000898 a202311bLúciac55dLúcia Elande 2AGRISn0cANA c217172d217172 002AGRIS4071a41918b41918cPeriódicos Agrícolash(Oct 2011), v. 63(5) p. 1154-1159l0r2023-11-29t01yCRePortaria Interministerial nº 164/94